Movies Quiz

Random Movies or Letter Quiz
Score 0/7 Timer 03:00
17 Plays Today
Word Count Disney Movie % Correct
1Pinocchio, Fantasia, Dumbo, Bambi, Cinderella, Aladdin, Pocahontas, Hercules, Mulan, Tarzan, Dinosaur, Bolt, Tangled, Frozen, Zootopia, Moana
99%
3The Three Caballeros, Make Mine Music, Alice in Wonderland, The Jungle Book, The Black Cauldron, Oliver & Company, The Little Mermaid, The Lion King, Lilo & Stitch, Meet the Robinsons, Winnie the Pooh, Big Hero 6
88.5%
2Saludos Amigos, Melody Time, Peter Pan, Sleeping Beauty, The Aristocats, Robin Hood, The Rescuers, Fantasia 2000, Treasure Planet, Brother Bear, Chicken Little, Wreck-It Ralph, Frozen 2
85.7%
4Fun and Fancy Free, Lady and the Tramp, The Great Mouse Detective, The Rescuers Down Under, Beauty and the Beast, The Emperor's New Groove, Atlantis: The Lost Empire, Home on the Range, Ralph Breaks the Internet
80%
5One Hundred and One Dalmatians, The Sword in the Stone, The Fox and the Hound, The Hunchback of Notre Dame, The Princess and the Frog
69.3%
6Snow White and the Seven Dwarfs
63.9%
7The Adventures of Ichabod and Mr. Toad, The Many Adventures of Winnie the Pooh
24.7%

You're not logged in!

Compare scores with friends on all Sporcle quizzes.
OR
Log In

Sporcle TV

Today on Sporcle TV


Watch our educational content, quiz creation guides, and fun videos on Sporcle TV.

Show Comments

Extras

Top Quizzes Today


Score Distribution

Paid Content

Your Account Isn't Verified!

In order to create a playlist on Sporcle, you need to verify the email address you used during registration. Go to your Sporcle Settings to finish the process.

Report this User

Report this user for behavior that violates our Community Guidelines.

Details: